000 00559nam a2200217Ia 4500
005 20250505124850.0
008 008 250505s9999 xx 000 0 eng d
037 _aTextbook
040 _aLCO
_beng
_cLCO
041 _aeng
_2eng
084 _aZv2,N R2
_qLCO
100 _aJain, M.P.
245 0 _aIndian Legal and Constitutional History
_c M.P. Jain
250 _a8th
260 _aHaryana, India
_bLexisNexis
_c2022
300 _a934
365 _aINR
_b895
650 _aLaw
942 _cTB
_hZv2,N R2
999 _c1310434
_d1310434